El Cas dels catalans : la conducta dels aliats arran de la Guerra de Successió : (1705-1742) / per Joaquim Albareda Salvadó la conducta dels aliats arran de la Guerra de Successió :
ISBN:
84-9779-323-4
Descripción Física:
437 p. ; 24 cm
Colección:
Estudis ; 32
MARC
| LEADER | 00000nam a2200000Ia 4500 | ||
|---|---|---|---|
| 001 | 18164 | ||
| 008 | 160829s2005 xx 000 0 cat d | ||
| 020 | |a 84-9779-323-4 | ||
| 080 | |a H-2-343 | ||
| 100 | 1 | |a Albareda i Salvadó, Joaquim, |d 1957- |9 23610 | |
| 245 | |a El Cas dels catalans : |b la conducta dels aliats arran de la Guerra de Successió : |b (1705-1742) / per Joaquim Albareda Salvadó | ||
| 260 | |a Barcelona : |b Fundació Noguera, |c 2005 | ||
| 300 | |a 437 p. ; |c 24 cm | ||
| 490 | |a Estudis ; 32 | ||
| 590 | |a Bibliografia | ||
| 650 | 0 | |a Guerra de Successió, 1702-1714 |x Catalunya |9 50510 | |
| 901 | |a Arxiu | ||
| 942 | |n 1 | ||
| 952 | |0 0 |1 0 |4 0 |6 H2343 |7 1 |9 42775 |a Arxiu |b Arxiu |d 2016-12-01 |l 0 |o H-2-343 |p 18164 |r 2016-12-01 00:00:00 |w 2016-12-01 |y ARXIU | ||
| 999 | |c 45281 |d 45281 | ||